00326pab a2200121 454500008004000000100001900040245007500059260000900134300001400143362000900157650002100166773001700187180718b1986 xxu||||| |||| 00| 0 eng d aBaruah, Sanjib aImmigration, ethnic conflict, and political turmoil - Assam, 1979-1985 c1986 a1184-1206 aNov. aAssam - Politics aAsian Survey